000 nam a22 7a 4500
999 _c7486
_d7486
008 170913b xxu||||| |||| 00| 0 eng d
100 _94012
_aTyagi
245 _aHindi Book
260 _aNew Delhi